Normal view
MARC view
- Ali Fatima Masood
Entry Personal Name
001 - CONTROL NUMBER
- control field: 127075
003 - CONTROL NUMBER IDENTIFIER
- control field: NUST
005 - DATE AND TIME OF LATEST TRANSACTION
- control field: 20241211095223.0
008 - FIXED-LENGTH DATA ELEMENTS
- fixed length control field: 241211|| aca||aabn | a|a d
040 ## - CATALOGING SOURCE
- Original cataloging agency: NUST
- Transcribing agency: NUST
100 ## - HEADING--PERSONAL NAME
- Personal name: Ali Fatima Masood
670 ## - SOURCE DATA FOUND
- Source citation: Work cat.: (NUST)230058: Ali Fatima Masood , Analysis of Role of Media in Disaster Reporting (Case-Study 2005 Earthquake and Flood 2010)/, c2014
